Les pays les plus grand du Monde - Statistiques

Statistiques générales
  • Ce quiz a été pris 803 fois
  • Le résultat moyen est 21 sur 30
Statistiques - réponses
Réponse Superficie en km2 % Correct
Russie 17 075 200 km2
99%
Canada 9 984 670 km2
97%
Chine 9 634 057 km2
97%
Etats-Unis 9 630 709 km2
97%
Brésil 8 514 877 km2
95%
Inde 3 287 590 km2
92%
Algérie 2 381 741 km2
91%
Australie 7 687 454 km2
90%
Argentine 2 766 890 km2
89%
Mexique 1 972 550 km2
85%
République démocratique du Congo 2 345 410 km2
80%
Afrique du Sud 1 219 912 km2
75%
Arabie Saoudite 2 152 000 km2
73%
Egypte 1 001 450 km2
72%
Mongolie 1 564 116 km2
70%
Indonésie 1 919 440 km2
69%
Kazakhstan 2 717 300 km2
69%
Iran 1 648 000 km2
67%
Niger 1 267 000 km2
62%
Soudan 1 886 068 km2
61%
Colombie 1 138 910 km2
60%
Libye 1 759 540 km2
58%
Mali 1 240 000 km2
58%
Pérou 1 285 220 km2
57%
Tchad 1 284 000 km2
51%
Danemark 2 210 579 km2
49%
Ethiopie 1 127 127 km2
47%
Angola 1 246 700 km2
45%
Mauritanie 1 030 700 km2
45%
Bolivie 1 098 580 km2
43%
Aucun quiz correspondant
Distribution des résultats
% des personnes avec chaque résultat
Percentile par nombre de réponses
Votre historique - résultats
Vous n’avez pas pris ce quiz